000 00291nam a22001337a 4500
082 _a823
_bNAT/K
100 _aNATH, PRATIBHA
100 _aNATH, SURESH
245 _aKIRATARJUNA
260 _aDELHI
_bS. CHAND & COMPANY
300 _a90
650 _aENGLISH SHORT STORY
_zDELHI
942 _cBK
999 _c3506
_d3506